Conceptual art
محفوظ في:
| المؤلف الرئيسي: | |
|---|---|
| التنسيق: | كتاب |
| اللغة: | الإنجليزية |
| منشور في: |
Londres
Phaidon
1998
|
| الطبعة: | 1a. ed |
| سلاسل: | Art and Ideas
|
| الموضوعات: | |
| الوسوم: |
إضافة وسم
لا توجد وسوم, كن أول من يضع وسما على هذه التسجيلة!
|
MARC
| LEADER | 00000nam a2200000 a 4500 | ||
|---|---|---|---|
| 001 | UCK6852 | ||
| 003 | CL-VaPUC | ||
| 008 | 051021e19980000UK |||||||||||||||||eng|d | ||
| 020 | |a 0714833886 | ||
| 082 | 0 | 4 | |a 700.1 |b GOD |2 21 |
| 100 | 0 | |a Godfrey, Tony |e author |9 496332 | |
| 245 | 1 | 0 | |a Conceptual art |
| 250 | |a 1a. ed | ||
| 300 | |a 447 p | ||
| 942 | |c BK | ||
| 945 | |d 20051021 00:00:00 |a cmena | ||
| 260 | |a Londres |b Phaidon |c 1998 | ||
| 650 | 0 | |a Arte conceptual |9 341272 | |
| 650 | 0 | |a Teoría del arte |9 387638 | |
| 650 | 0 | |a Filosofía del arte |9 264951 | |
| 583 | |a last modification |c 20051021 00:00:00 |k Rodrigo Vera | ||
| 490 | 0 | |a Art and Ideas | |
| 999 | |c 314994 |d 314992 | ||
| 952 | |0 0 |1 0 |4 0 |6 700_100000000000000_GOD_1998 |7 0 |8 R |9 387875 |a BIBART |b BIBART |d 2019-11-22 |i 4118529 |l 4 |o 700.1 GOD 1998 |p 4118529 |r 2025-03-13 |s 2023-08-23 |w 2019-11-22 |y BK_R |k ART | ||